<?xml version="1.0" encoding="UTF-8"?>
<collection xmlns="http://www.loc.gov/MARC21/slim">
 <record>
  <leader>01628nam a22002297a 4500</leader>
  <controlfield tag="001">NCT_4_016130</controlfield>
  <controlfield tag="008">250116b        xxu||||| |||| 00| 0 vie d</controlfield>
  <datafield tag="999" ind1=" " ind2=" ">
   <subfield code="c">8770</subfield>
   <subfield code="d">8770</subfield>
  </datafield>
  <datafield tag="020" ind1=" " ind2=" ">
   <subfield code="a">9786041236028</subfield>
   <subfield code="c">210000</subfield>
  </datafield>
  <datafield tag="082" ind1="0" ind2="4">
   <subfield code="2">23rd ed.</subfield>
   <subfield code="a">304.2</subfield>
   <subfield code="b">K45</subfield>
  </datafield>
  <datafield tag="100" ind1="1" ind2=" ">
   <subfield code="a">Khanna, Parag</subfield>
  </datafield>
  <datafield tag="245" ind1="1" ind2="0">
   <subfield code="a">Dịch chuyển :</subfield>
   <subfield code="b">Bạn sẽ sống ở đâu năm 2050? = Move : The forces uprooting us</subfield>
   <subfield code="c">Parag Khanna ; Mai Chí Trung (Dịch)</subfield>
  </datafield>
  <datafield tag="260" ind1=" " ind2=" ">
   <subfield code="a">Tp. Hồ Chí Minh</subfield>
   <subfield code="b">Nxb. Trẻ</subfield>
   <subfield code="c">2023</subfield>
  </datafield>
  <datafield tag="300" ind1=" " ind2=" ">
   <subfield code="a">406 tr.</subfield>
   <subfield code="b">Minh hoạ</subfield>
   <subfield code="c">23 cm</subfield>
  </datafield>
  <datafield tag="520" ind1="3" ind2=" ">
   <subfield code="a">Nội dung sách cung cấp các kiến thức về ngành địa lý nhân văn, bức tranh toàn cảnh để cân nhắc tương lai của mình trong việc du học, di trú và xuất khẩu lao động, và cũng sẽ gợi những ý tưởng cho người làm quản lý, chính sách trong việc thu hút và giữ tài nguyên nhân lực, ở cấp độ vi mô lẫn vĩ mô.</subfield>
  </datafield>
  <datafield tag="653" ind1=" " ind2=" ">
   <subfield code="a">Truyền thông đa phương tiện</subfield>
  </datafield>
  <datafield tag="700" ind1="1" ind2=" ">
   <subfield code="a">Mai Chí Trung</subfield>
   <subfield code="e">Dịch</subfield>
  </datafield>
  <datafield tag="942" ind1=" " ind2=" ">
   <subfield code="2">ddc</subfield>
   <subfield code="c">BK</subfield>
  </datafield>
  <datafield tag="952" ind1=" " ind2=" ">
   <subfield code="0">0</subfield>
   <subfield code="1">0</subfield>
   <subfield code="2">ddc</subfield>
   <subfield code="4">0</subfield>
   <subfield code="6">304_200000000000000_K45</subfield>
   <subfield code="7">0</subfield>
   <subfield code="9">30132</subfield>
   <subfield code="a">000001</subfield>
   <subfield code="b">000001</subfield>
   <subfield code="d">2025-01-17</subfield>
   <subfield code="o">304.2 K45</subfield>
   <subfield code="p">MD.23354</subfield>
   <subfield code="r">2025-01-17</subfield>
   <subfield code="v">210000.00</subfield>
   <subfield code="w">2025-01-17</subfield>
   <subfield code="y">BK</subfield>
  </datafield>
  <datafield tag="952" ind1=" " ind2=" ">
   <subfield code="0">0</subfield>
   <subfield code="1">0</subfield>
   <subfield code="2">ddc</subfield>
   <subfield code="4">0</subfield>
   <subfield code="6">304_200000000000000_K45</subfield>
   <subfield code="7">0</subfield>
   <subfield code="9">30133</subfield>
   <subfield code="a">000001</subfield>
   <subfield code="b">000001</subfield>
   <subfield code="d">2025-01-17</subfield>
   <subfield code="o">304.2 K45</subfield>
   <subfield code="p">MD.23355</subfield>
   <subfield code="r">2025-01-17</subfield>
   <subfield code="v">210000.00</subfield>
   <subfield code="w">2025-01-17</subfield>
   <subfield code="y">BK</subfield>
  </datafield>
  <datafield tag="952" ind1=" " ind2=" ">
   <subfield code="0">0</subfield>
   <subfield code="1">0</subfield>
   <subfield code="2">ddc</subfield>
   <subfield code="4">0</subfield>
   <subfield code="6">304_200000000000000_K45</subfield>
   <subfield code="7">0</subfield>
   <subfield code="9">30134</subfield>
   <subfield code="a">000001</subfield>
   <subfield code="b">000001</subfield>
   <subfield code="d">2025-01-17</subfield>
   <subfield code="o">304.2 K45</subfield>
   <subfield code="p">MD.23356</subfield>
   <subfield code="r">2025-01-17</subfield>
   <subfield code="v">210000.00</subfield>
   <subfield code="w">2025-01-17</subfield>
   <subfield code="y">BK</subfield>
  </datafield>
  <datafield tag="980" ind1=" " ind2=" ">
   <subfield code="a">Thư viện Trường Đại học Nam Cần Thơ</subfield>
  </datafield>
 </record>
</collection>
